| 000 | 00480nam a22001937a 4500 | ||
|---|---|---|---|
| 003 | OSt | ||
| 005 | 20140310182810.0 | ||
| 008 | 130218t xxu||||| |||| 00| 0 eng d | ||
| 020 | _a9812401288 | ||
| 050 |
_aTK 5105.888 _b.Sk628 2000 |
||
| 245 |
_aPrinciples of web design / _cSklar, Joel |
||
| 260 |
_aAustralia _bCourse Technology _c2001 |
||
| 300 |
_a288 p. : _c23 cm. _bill. ; |
||
| 521 | _aIT | ||
| 562 | _e2 | ||
| 942 |
_2lcc _cBK _kFOR |
||
| 999 |
_c16146 _d16146 |
||